| 000 | 00849nam a2200217Ia 4500 | ||
|---|---|---|---|
| 008 | 0000001991 ve a 0000000000spa00 | ||
| 020 | _a9806042697 | ||
| 090 | _aPSP00 F14j | ||
| 100 | 1 |
_aFajardo, José Luis _d1941 |
|
| 245 | 1 | 0 |
_aJosé Luis Fajardo _c/ fotografías Renato Donzelli, Pablo J. Rodríguez |
| 300 |
_a31 p. _c/ 22 cm. |
||
| 500 | _aExposición realizada en la Galeria Freites, Caracas, Octubre Noviembre, 1991 \ Con el patronazgo del maestro venezolano Jesús Rafael Soto (q.e.p.d.) | ||
| 600 | 0 | 0 |
_aFAJARDO, JOSE LUIS, 1941/ _xTRABAJOS PICTORICOS |
| 650 | 1 | 4 | _aARTE CONTEMPORANEO ESPAÑOL |
| 650 | 1 | 4 | _xCATALOGOS |
| 650 | 1 | 4 | _xEXPOSICIONES |
| 650 | 1 | 4 | _aPINTORES ESPAÑOLES |
| 650 | 1 | 4 | _aPINTURA ESPAÑOLA |
| 700 | 1 | _aDonzelli, Renato \ Rodríguez, Pablo J. | |
| 999 |
_c5680 _d5680 |
||
| 260 |
_aCaracas : Galería Freites _c1991 |
||